| 000 | 01444cam a2200397 i 4500 | ||
|---|---|---|---|
| 001 | xx005915738 | ||
| 003 | NUKAT | ||
| 005 | 20260329101734.0 | ||
| 008 | 260329s1929 pl |000 0 pol c | ||
| 035 | _a(NUKAT)xx005915738 | ||
| 040 |
_aOLSZT 008/AL _bpol _erda _cOLSZT 008/AL |
||
| 046 | _k1929 | ||
| 245 | 0 | 0 | _aDroga Krzyżowa tudzież pieśni i modlitwy o męce Pańskiej oraz Gorzkie Żale. |
| 260 |
_aOlsztyn : _bnakładem Związku Towarzystw Młodzieży w Prusach Wschodnich, _c1929 _e(Olsztyn : _fdrukiem Gazety Olsztyńskiej). |
||
| 300 |
_a48 stron ; _c16 cm. |
||
| 336 |
_aTekst _btxt _2rdacontent |
||
| 337 |
_aBez urządzenia pośredniczącego _bn _2rdamedia |
||
| 338 |
_aWolumin _bnc _2rdacarrier |
||
| 380 | _aKsiążki | ||
| 380 | _aPublikacje religijne | ||
| 388 | 1 | _a1901-2000 | |
| 388 | 1 | _a1918-1939 | |
| 500 | _aZawiera nuty. | ||
| 600 | 0 | 7 |
_aJezus Chrystus _2DBN _936603 |
| 600 | 0 | 7 |
_aJezus Chrystus _xmęka _vmedytacje. _2kaba _939159 |
| 650 | 7 |
_aDroga krzyżowa _2DBN _937375 |
|
| 650 | 7 |
_aGorzkie żale _2DBN _937378 |
|
| 650 | 7 |
_aWielki Post _2DBN _939160 |
|
| 650 | 7 |
_aDroga Krzyżowa _vmedytacje. _2kaba _937376 |
|
| 650 | 7 |
_aGorzkie żale _vteksty. _2kaba _939161 |
|
| 650 | 7 |
_aPieśni wielkopostne _vteksty. _2kaba _937394 |
|
| 655 | 7 |
_aModlitewnik _2DBN _936203 |
|
| 658 | _aReligia i duchowość | ||
| 710 | 2 |
_aZwiązek Towarzystw Młodzieży w Prusach Wschodnich. _eWydawca _4pbl _97040 |
|
| 942 |
_2ddc _cBK_NM |
||
| 999 |
_c27327 _d27327 |
||